Score 0/16 Timer 04:00
4 Plays Today
Hint Answer % Correct
RKSIRisk
99.2%
SSEHCChess
98.6%
YORRSSorry!
98.4%
YOPNMLOOMonopoly
97.6%
AYDCN LDANCandy Land
95.8%
OGGLBEBoggle
95.1%
USMOE RAPTMouse Trap
91.9%
PICTYORNIAPictionary
90.1%
Hint Answer % Correct
HTSCUE DAN AEDSRDLChutes and Ladders
83.5%
ESRBCBALScrabble
80.7%
SEECNEUQSequence
69.9%
UNRIACMCranium
56.4%
TEBUROLTrouble
47.9%
EISHTLATPBBattleship
43.1%
ATGRSEOTStratego
30.6%
SEDINTARMMMastermind
17.5%

You're not logged in!

Compare scores with friends on all Sporcle quizzes.
OR
Log In

Sporcle TV

Today on Sporcle TV


Watch our educational content, quiz creation guides, and fun videos on Sporcle TV.

Show Comments

Extras

Top Quizzes Today


Score Distribution

Your Account Isn't Verified!

In order to create a playlist on Sporcle, you need to verify the email address you used during registration. Go to your Sporcle Settings to finish the process.

Report this User

Report this user for behavior that violates our Community Guidelines.

Details: